01057nam a2200241 a 450000100100000000500170001000800410002704000250006808200180009310000420011124500640015326000360021730000210025350000630027450400320033750501020036965000470047165000330051804900090055195201160056095201220067699900170079800002096920250225115302.0100825s2000 dr 000 0 spa d aDO-SdBNPbspacBNPHU a001.42bH557g1 aHernández, Pablo Ma.,d1942-94391710aGuía para tesis y monografías /cPablo Ma. Hernández. aSanto Domingo :b[s.n.],c2000. a113 p. ;c21 cm. aIncluye datos biográficos del autor en la contracubierta aBibliografía : p. 110-1132 aConsideraciones metodológicas -- La Tesis -- El proyecto de investigación -- La monografía. 0aTesis y disertaciones académicas 919630 0a Ciencia -xMetodología93 aBNPD 0010718PDaPDbPDcCTd2010-08-25iLF1l0o001.42 H557gp20969-10r2020-06-25w2020-06-25yLFPDZNo se presta 0010718PDaPDbPDcCTd2011-03-18iLF1l0o001.42 H557gp20969-20r2020-06-25te. 2w2020-06-25yLFPDZNo se presta c20472d20472